Statistics for "E" Antonyms

Click here to take the quiz!

General Stats

  • This quiz has been taken 106 times
  • The average score is 15 of 20

Answer Stats

WordE Antonyms% Correct
LateEarly
100%
WestEast
99%
FullEmpty
99%
ImportExport
99%
InhaleExhale
98%
InteriorExterior
98%
InternalExternal
98%
FriendEnemy
97%
MorningEvening
97%
EntranceExit
97%
HardEasy
94%
GoodEvil
80%
IvoryEbony
75%
RamEwe
62%
HeavenEarth
56%
DrawErase
45%
ContractExpand
33%
DemolishErect
32%
CoverExpose
29%
InsertEject
16%

Score Distribution

Percentile by Number Answered

Percent of People with Each Score

Your Score History

You have not taken this quiz